000 00431nam a2200181Ia 4500
001 13704
005 20260306164820.0
008 260306t1988||||xx |||||||||||||| ||spa||
041 _aESP
082 _a005.133
_bK44
100 _aKernighan, Brian W.,
_eAUT
245 4 _aThe C programming language
260 _c1988
300 _axii, 272 páginas :
_c23 cm.
650 _aGEN
654 _aCCC
942 _cLIB
_dJUS
_fJUS
_2ddc
_n
999 _c13704
_d13704